000 00731nam a2200205 a 4500
003 0
005 20250211103851.0
008 120719s19uu xx 00 eng d
050 _aPGS GV 1469.3
_b.L477 2012
100 _aLee, Dong Suk.
245 _aComputer gaming and academic performance /
_cDong Suk Lee.
260 _aLas PiƱas City, Philippines :
_bSouthville International School and Colleges,
_c2012.
300 _a25 pages :
_billustrations ;
_c28 cm.
504 _a Includes bibliographical references.
650 _aComputer games
_vEffect on students.
650 _aVideo games and education.
650 _aLearning
_vEffect of video games on.
650 _aAcademic achievement
_vInfluences.
942 _2lcc
_cPASS
999 _c98739
_d98739